00883nam a2200229 i 450000100060000000300090000600500170001500700030003200800410003502000180007610000420009424501340013626000580027030000300032849000190035870000290037770000480040683000270045485200330048199900170051495201220053183517ES-MaACL20240524062955.0t|041117s1987 sp ||||1| spa d a84-85354-26-20 aIrving, Washington,d1783-185996550610aRip Van Winkle / cpor Washington Irving ; ilustraciones de Arthur Rackham ; prólogo y traducción de Carmen Bravo-Villasante. aPalma de Mallorca : bJosé J. de Olañeta, c1987. a122 p. : bil. ; c24 cm.1 aHesperus ; v21 aRackhman, Arthur.9948961 aBravo-Villasante, Carmen,d1918-19949315070 aHesperus ; v29177365 aES-MaACLjL-12872 bR.114907 c83517d83517 00104070aATENEOMbATENEOMcDEPO2d2008-01-17eSCl0oL-12872p1087291r2023-02-23 00:00:00w2023-02-23yMONOGRAFIA